| 000 | 00721nam a2200241Ia 4500 | ||
|---|---|---|---|
| 003 | GCL | ||
| 008 | 140319s9999 xx 000 0 ara d | ||
| 040 |
_aGCL / _cGCL |
||
| 082 | 0 | 4 |
_a811.009 _bع ر |
| 100 | 1 | _aعبدالله باقازى | |
| 245 | 1 | 0 |
_aرثاء النفس فى الشعر العربى / _cعبدالله باقازى |
| 260 |
_a[S.N] : _bالمكتبة الفيصلية ، _c1987 |
||
| 300 | _a398 ص | ||
| 490 | _a | ||
| 650 | 0 | 4 | _aالشعر العربى |
| 650 | 0 | 4 | _aالادب العربى |
| 650 | 0 | 4 | _aالعصر الحديث |
| 650 | 0 | 4 | _aالعصر الجاهلى |
| 650 | 0 | 4 | _aالاندلس |
| 650 | 0 | 4 | _aشعر الرثاء |
| 650 | 0 | 4 | _aتاريخ ونقد |
| 942 |
_2ddc _cBK |
||
| 999 |
_c32319 _d32319 |
||